| 000 | 00432ntaaa2200181 4500 | ||
|---|---|---|---|
| 003 | 01 | ||
| 005 | 20251027201633.0 | ||
| 008 | 0714s1973 ag 01 | ||
| 040 |
_aAR-BaBN _bspa _cAR-BaBN _eaacr _dRIC |
||
| 082 | _a232.0000 C23p | ||
| 245 | _aPara ti ¿quien es Jesucristo? | ||
| 250 | _a1 ed. | ||
| 260 |
_aMadrid : _bNarcea, _cc1972 |
||
| 300 | _a148 p | ||
| 650 |
_acristología _91723 |
||
| 700 |
_aCarre, A _915106 |
||
| 942 | _cBK | ||
| 999 |
_c11072 _d11072 |
||